000 00826 a2200229 4500
999 _c7714
_d7714
020 _a1779050674
050 0 0 _aHQ1240.5.GEN 1998
100 _aMcFadden, Patricia
_eeditor
245 0 0 _aGender in southern Africa :
_ba gendered perspective /
_c[Patricia McFadden (ed.) ; Jenifer Chiriga ... et al.].
264 _aHarare:
_bSAPES books.,
_c1998
300 _avi, 148 p. ;
500 _a"SAPES Trust"--P. [4] of cover.
504 _aIncludes bibliographical references (p. [137]-144) and indexes.
650 0 _aWomen in development
650 0 _aWomen's rights
650 0 _aWomen
_xSocial conditions
700 1 _aMcFadden, Patricia.
700 1 _aChiriga, Jenifer.
710 2 _aSAPES Trust.
942 _2lcc
_cBK
_h1240.5
_iGEN
_kHQ